| 000 | 01216 a2200241 4500 | ||
|---|---|---|---|
| 003 | Nust | ||
| 005 | 20221209091930.0 | ||
| 010 | _a 2001045408 | ||
| 020 | _a047172047X (alk. paper) | ||
| 040 | _cNust | ||
| 082 | 0 | 0 | _a621.382,SHE |
| 100 | 1 |
_aSheriff, Ray E. _955796 |
|
| 245 | 1 | 0 |
_aMobile satellite communication networks / _cRay E. Sheriff and Y. Fun Hu. |
| 260 |
_aChichester, West Sussex, England ; _aNew York, NY : _bWiley, _cc2001. |
||
| 300 |
_axviii, 368 p. : _bill., maps ; _c25 cm. |
||
| 505 | _aMobile Communication System Evolution (Page-1), Mobile Satellite Systems (Page-43), Constellation Characteristics and Orbital Parameters (Page-83), Channel Characteristics (Page-115), Radio Link Design (Page-147), Network Procedures (Page-197), Integrated Terrestrial Satellite Mobile Networks (Page-247), Market Analysis (Page-293), Future Developments (Page-319) | ||
| 650 | 0 |
_aMobile communication systems. _918556 |
|
| 650 | 0 | _aTelecommunication Engineering | |
| 700 | 1 |
_aHu, Y. Fun. _9104527 |
|
| 856 | 4 | 2 |
_3Publisher description _uhttp://www.loc.gov/catdir/description/wiley034/2001045408.html |
| 856 | 4 | 2 |
_3Table of Contents _uhttp://www.loc.gov/catdir/toc/onix05/2001045408.html |
| 942 |
_2ddc _cBK |
||
| 999 |
_c178706 _d178706 |
||